Empowerment of the Indian muslim women / (Record no. 126780)

MARC details
000 -LEADER
fixed length control field 00729nam a22002177a 4500
005 - DATE AND TIME OF LATEST TRANSACTION
control field 20170124110015.0
010 ## - LIBRARY OF CONGRESS CONTROL NUMBER
LC control number A-936175
020 ## - INTERNATIONAL STANDARD BOOK NUMBER
Terms of availability 00.00
International Standard Book Number 8175330635
035 ## - SYSTEM CONTROL NUMBER
System control number A-936175
037 ## - SOURCE OF ACQUISITION
Source of stock number/acquisition Cen Lib/Ret
040 ## - CATALOGING SOURCE
Original cataloging agency DPL
Language of cataloging EN
082 ## - DEWEY DECIMAL CLASSIFICATION NUMBER
Classification number 305.486971
Item number RUH
245 ## - TITLE STATEMENT
Title Empowerment of the Indian muslim women /
Statement of responsibility, etc edited by Satya Pal Ruhela
260 ## - PUBLICATION, DISTRIBUTION, ETC. (IMPRINT)
Place of publication, distribution, etc New Delhi
Name of publisher, distributor, etc M.D. Publications
Date of publication, distribution, etc 1998
270 ## - ADDRESS
Address B/231-E, Greater Kailash I
City New Delhi
Postal code 110048
300 ## - PHYSICAL DESCRIPTION
Extent xv,110.
Dimensions 20cm(Hb)
650 ## - SUBJECT ADDED ENTRY--TOPICAL TERM
Topical term or geographic name as entry element Muslim women -- India -- Social conditions
9 (RLIN) 18457
650 ## - SUBJECT ADDED ENTRY--TOPICAL TERM
Topical term or geographic name as entry element Muslim women -- India -- Economic conditions
9 (RLIN) 18458
700 ## - ADDED ENTRY--PERSONAL NAME
Personal name Ruhela, Satya Pal
9 (RLIN) 18459
942 ## - ADDED ENTRY ELEMENTS (KOHA)
Source of classification or shelving scheme Dewey Decimal Classification
Koha item type English Books
Classification part 305.486971
Call number suffix RUH
Holdings
Withdrawn status Lost status Damaged status Not for loan Home library Current library Date acquired Source of acquisition Cost, normal purchase price Total Checkouts Full call number Barcode Date last seen Copy number Cost, replacement price Price effective from Koha item type Public note
Written off       Central Library Central Library 26/06/2015 Cen Lib/Ret 0.00   305.486971 RUH A-936175 26/06/2015 1 0.00 26/06/2015 English Books W/d list no. 6837/21

© Delhi Public Library
Hit Counter
free hit counter